000 00710nam a2200277Ia 4500
003 OSt
005 20221006144802.0
006 a|||||r|||| 00| 0
007 ta
008 221006b |||||||| |||| 00| 0 chi d
020 _cYu 9.20
024 _a12,720
037 _bGift, PRC
_cTextual
040 _aEASL
_cEASL
_bchi
041 _2chi
_achi
082 _aP41, M7
100 _aGAO Mingkai Ed.
_9652863
245 0 _aYuyan xue gailun
260 _aBeijing
_bZhong Hua Shu Ju China
_c1987
300 _a261p.
_ccm.
490 _v CL
650 _a CL
_9642733
650 _aLinguistic
_9558313
942 _hP41, M7
_cTEXL
_2CC
999 _c1080806
_d1080806